| 000 | 00000nam##2200000za#4500 |
| 001 | 9.687929 |
| 003 | CaOODSP |
| 005 | 20220818080145 |
| 007 | cr ||||||||||| |
| 008 | 150407|2004||||xxc|||||o f|0| 0 eng|d |
| 040 | |aCaOODSP|beng |
| 043 | |an-cn--- |
| 086 | 1 |aIP54-2/2004E-PDF |
| 110 | 2 |aOffice of the Privacy Commissioner of Canada. |
| 245 | 10|aYour privacy responsibilities : |h[electronic resource]|bCanada's Personal Information Protection and Electronic Documents Act - a guide for businesses and organizations |
| 260 | |aOttawa - Ontario : |bOffice of the Privacy Commissioner of Canada |c2004. |
| 300 | |a36p. |
| 520 | 3 |aThis guide is designed to help businesses understand and meet their obligations under Part 1 of the Personal Information Protection and Electronic Documents Act, which sets out rules for the management of personal information in the private sector. The guide explains who is subject to the Act, the Act’s fair information principles, and exceptions to the Act’s consent and access principles. The guide also explains the role of the Privacy Commissioner and how complaints under the Act are handled. |
| 590 | |a05-46|b2005-11-18 |
| 690 | 07|aPersonal information|2gcpds |
| 775 | 08|tProtection des renseignements personnels - vos responsabilités : |w(CaOODSP)9.632369 |
| 776 | 0#|tYour privacy responsibilities : |w(CaOODSP)9.665347 |
| 776 | 0#|tProtection des renseignements personnels - vos responsabilités : |w(CaOODSP)9.665348 |
| 856 | 40|ahttp://publications.gc.ca|qPDF|s876 KB|uhttps://publications.gc.ca/collections/Collection/IP54-2-2004E.pdf |